| 000 | 00792cam a22002658a 4500 | ||
|---|---|---|---|
| 001 | 3730209 | ||
| 005 | 20200421093825.0 | ||
| 008 | 031120r20041956enk 000 1 eng | ||
| 015 | _aGBA4-Z0199 | ||
| 016 | 7 |
_a0099463555 _2Uk |
|
| 020 |
_a0099463555 (pbk.) : _c£7.99 |
||
| 035 | _a(Uk)gb A40Z0199 | ||
| 035 | _a926714 | ||
| 040 |
_aStDuBDS _cStDuBDS _dUk |
||
| 082 | 0 | 4 |
_a823.912 _221 |
| 100 | 1 |
_aRenault, Mary, _d1905-1983. _9951 |
|
| 245 | 1 | 4 |
_aThe last of the wine / _cMary Renault. |
| 260 |
_aLondon : _bArrow, _c2004, c1995. |
||
| 263 | _a200405 | ||
| 300 |
_a1 v. : _c20cm. |
||
| 500 | _aOriginally published: London: Longmans, Green, 1956. | ||
| 600 | 0 | 0 |
_aSocrates _vFiction. _91548 |
| 651 | 0 |
_aGreece _xHistory _yPeloponnesian War, 431-404 B.C. _vFiction. _9952 |
|
| 942 |
_2ddc _cBK |
||
| 999 |
_c282 _d282 |
||